[Event "World Blitz Women 2022"]
[Site "Almaty KAZ"]
[Date "2022.12.30"]
[Round "10.41"]
[White "Kirchei, Viktoriia"]
[Black "Tereladze, Sopio"]
[Result "1-0"]
[WhiteTitle "WFM"]
[BlackTitle "WIM"]
[WhiteElo "2070"]
[BlackElo "2215"]
[WhiteFideId "34133396"]
[BlackFideId "13600486"]
[EventDate "2022.12.29"]

1. e4 e5 2. Nf3 Nc6 3. Bb5 a6 4. Ba4 Nf6 5. O-O Be7 6. Re1 b5 7. Bb3 O-O 8. a4
b4 9. d3 Bc5 10. h3 d6 11. Nbd2 Be6 12. Bc4 Na5 13. Bxe6 fxe6 14. c3 bxc3 15.
bxc3 Nc6 16. Nc4 Ba7 17. Ba3 Re8 18. Qb3 Nh5 19. Rad1 Qf6 20. Bc1 Rf8 21. Ne3
Nf4 22. Ng4 Qg6 23. Bxf4 Rxf4 24. Qc4 h5 25. Qxc6 hxg4 26. Qxa8+ Kh7 27. Qxa7
Rxf3 28. Re3 Rf4 29. Rg3 Qf6 30. hxg4 c5 31. Rh3+ Kg6 32. Rf1 Rxg4 33. Rg3 Qf4
34. Rxg4+ Qxg4 35. Qe7 a5 36. Qxd6 Kh5 37. Qxe5+ g5 38. Qh8+ Kg6 39. Qg8+ Kf6
40. Qf8+ Ke5 41. Qxc5+ Kf6 42. e5+ Kf5 43. Qf8+ Kg6 44. Qf6+ Kh5 45. Qf3 1-0

[Event "World Blitz Women 2022"]
[Site "Almaty KAZ"]
[Date "2022.12.30"]
[Round "10.42"]
[White "Nasybullina, Alfia"]
[Black "Kairbekova, Amina"]
[Result "0-1"]
[WhiteTitle "WIM"]
[BlackTitle "WIM"]
[WhiteElo "2027"]
[BlackElo "2209"]
[WhiteFideId "4132416"]
[BlackFideId "13712799"]
[EventDate "2022.12.29"]

1. Nf3 Nf6 2. g3 g6 3. Bg2 Bg7 4. O-O O-O 5. d3 d5 6. Nbd2 c5 7. e4 e6 8. Re1
Nc6 9. c3 a5 10. a4 b6 11. e5 Nd7 12. d4 f6 13. exf6 Qxf6 14. Qe2 Ndb8 15. dxc5
bxc5 16. Nf1 Ra7 17. Bg5 Qf7 18. Be3 Ba6 19. Qd2 Nd7 20. Rad1 Qf6 21. Bg5 Qf7
22. Be3 Bf6 23. g4 Bc4 24. Ng3 Bb3 25. Ra1 Rc7 26. Bf4 e5 27. Bh6 Re8 28. Bg5 e4
29. Nh4 Nce5 30. Bxf6 Qxf6 31. g5 Qf7 32. Qe2 Nd3 33. Rf1 N7e5 34. f3 exf3 35.
Nxf3 Nxf3+ 36. Qxf3 Qxf3 37. Rxf3 Ne5 38. Rf6 Rf7 39. Rxf7 Kxf7 40. Ne2 Rd8 41.
Nf4 d4 42. cxd4 cxd4 43. Re1 Nc4 44. Nd3 Bxa4 45. Bf3 Ne3 46. Rc1 Ke6 47. Nc5+
Kf5 48. Nxa4 Kf4 49. Be2 d3 50. Bxd3 Rxd3 51. Nc5 Rd2 52. Ra1 Kxg5 53. Rxa5 Kh6
54. b4 Rg2+ 55. Kh1 Rb2 56. Kg1 Rxb4 57. Ne6 Rb2 58. Ra7 Rg2+ 59. Kh1 Kh5 60.
Rxh7+ Kg4 61. Rg7 Kf5 62. Nd4+ Ke4 63. Ne6 Kf5 64. Nd4+ Ke4 65. Ne6 Ke5 66. Nf8
g5 67. Nd7+ Kf5 68. Nc5 g4 69. Nd3 Rd2 70. Kg1 Rxd3 71. Kf2 Nd5 72. Rf7+ Ke5 73.
Rg7 Rf3+ 74. Kg1 Kf4 75. Rf7+ Ke3 76. Rd7 Nf4 77. Re7+ Kd2 78. Rd7+ Ke2 79. Re7+
Re3 80. Rg7 Nh3+ 81. Kg2 Re4 82. Kg3 Nf2 83. Rf7 Re3+ 84. Kg2 Rf3 85. Re7+ Kd2
86. Rd7+ Nd3 87. Rd4 Rf2+ 88. Kg3 Rf3+ 89. Kg2 Ke2 90. Rxg4 Nf4+ 0-1

[Event "World Blitz Women 2022"]
[Site "Almaty KAZ"]
[Date "2022.12.30"]
[Round "10.43"]
[White "Mikhaylova, Irina"]
[Black "Kaliakhmet, Elnaz"]
[Result "0-1"]
[WhiteTitle "WGM"]
[BlackTitle "WFM"]
[WhiteElo "2257"]
[BlackElo "1786"]
[WhiteFideId "4109040"]
[BlackFideId "13730169"]
[EventDate "2022.12.29"]

1. d4 Nf6 2. Nf3 e6 3. c4 Bb4+ 4. Nbd2 a5 5. g3 d6 6. Bg2 Nbd7 7. O-O e5 8. a3
Bxd2 9. Bxd2 O-O 10. b4 a4 11. Bc3 Re8 12. Nd2 c6 13. e3 Qc7 14. Qc2 b6 15. Rac1
Bb7 16. Rfd1 c5 17. d5 h5 18. e4 g6 19. bxc5 Nxc5 20. Bb4 Bc8 21. Rb1 Bd7 22.
Qc3 Kg7 23. Bxc5 bxc5 24. Rb2 Reb8 25. Rdb1 h4 26. Nf1 hxg3 27. hxg3 Be8 28. Ne3
Bd7 29. Qc2 Be8 30. f3 Bd7 31. Kf2 Be8 32. Nd1 Bd7 33. Nc3 Rxb2 34. Rxb2 Rb8 35.
Qb1 Rc8 36. Rb7 Qa5 37. Qb2 Rh8 38. Nb5 Bxb5 39. Rxb5 Qa8 40. Rb7 Qc8 41. Qb6
Ne8 42. Qc6 Qd8 43. Qd7 Qf6 44. Qe7 Qxe7 45. Rxe7 Nf6 46. Rb7 Ra8 47. Rb6 Ne8
48. Bf1 Kf6 49. Bd3 Ke7 50. Bc2 Kd7 51. Rb7+ Nc7 52. Ke3 Kc8 53. Rb6 Ne8 54. Bd3
Kc7 55. Rb2 Nf6 56. Bf1 Nd7 57. Bh3 Nb6 58. Bf1 Rh8 59. Rg2 Rh1 60. Kf2 Kb7 61.
Rg1 Rh2+ 62. Rg2 Rh8 63. Bd3 Ka7 64. Rg1 Rh2+ 65. Rg2 Rh8 66. Rg1 Rb8 67. Rb1
Ka6 68. Ke3 Rh8 69. Rb2 Rh1 70. Rc2 Ra1 71. Rc3 Rg1 72. Kf2 Rd1 73. Ke2 Ra1 74.
Ke3 Ka5 75. Kf2 Ra2+ 76. Ke3 Rg2 77. g4 Rb2 78. Bc2 Ra2 79. Kd2 Rxa3 80. Rxa3
Nxc4+ 81. Kc3 Nxa3 82. Bd3 Nb5+ 83. Kc4 Nd4 84. Bb1 Nxf3 85. Bd3 g5 86. Be2 Nd2+
87. Kd3 Nb3 88. Kc3 Nd4 89. Bd1 Kb5 90. Kb2 Kb4 91. Ka2 a3 92. Kb1 c4 93. Kc1
Kc3 94. Kb1 Kd3 95. Ka2 Kxe4 96. Kxa3 Kxd5 97. Kb4 e4 98. Kc3 e3 99. Ba4 Nf3
100. Bd1 0-1

[Event "World Blitz Women 2022"]
[Site "Almaty KAZ"]
[Date "2022.12.30"]
[Round "10.44"]
[White "Sultanbek, Zeinep"]
[Black "Borisova, Ekaterina"]
[Result "0-1"]
[WhiteTitle "WIM"]
[BlackTitle "FM"]
[WhiteElo "1891"]
[BlackElo "2223"]
[WhiteFideId "13710419"]
[BlackFideId "34124184"]
[EventDate "2022.12.29"]

1. Nf3 Nf6 2. g3 g6 3. Bg2 Bg7 4. O-O O-O 5. c4 d5 6. cxd5 Nxd5 7. d4 Bf5 8. Nc3
Nc6 9. Qb3 Nxc3 10. bxc3 Na5 11. Qa3 b6 12. Bg5 Re8 13. Nh4 Rb8 14. Nxf5 gxf5
15. Rab1 Qd6 16. Qc1 Qe6 17. Re1 Qxa2 18. Qf4 Qc4 19. Qxf5 h6 20. Bf4 e6 21. Qh5
Qxc3 22. Rec1 Qxd4 23. Rxc7 Qf6 24. Rb5 Rbc8 25. Rxa7 Nc6 26. Ra6 Nd4 27. Be5
Rc1+ 28. Bf1 Qf5 29. Qxf5 Nxf5 30. Bxg7 Kxg7 31. Raxb6 Rd8 32. Rb1 Rdd1 33. Rxc1
Rxc1 34. Kg2 Nd4 35. e3 Nc6 36. Be2 Ne5 37. Rb5 Kf6 38. f4 Nc6 39. Rb2 Ne7 40.
e4 Kg7 41. g4 Nc6 42. Rd2 Nb4 43. Bf3 Rc3 44. h4 Nc2 45. Kf2 Na3 46. f5 e5 47.
g5 hxg5 48. hxg5 Nc4 49. Bh5 Nxd2 50. f6+ Kf8 51. g6 fxg6 52. Bxg6 Nb3 53. f7
Nd4 54. Bh5 Rh3 55. Bg4 Rh7 56. Ke3 Rxf7 57. Kd3 Rf4 58. Bd7 Ke7 59. Bc8 Kd6 60.
Bb7 Rf3+ 61. Kc4 Re3 62. Bd5 Ne6 63. Bb7 Ng5 64. Bd5 Nxe4 0-1

[Event "World Blitz Women 2022"]
[Site "Almaty KAZ"]
[Date "2022.12.30"]
[Round "10.45"]
[White "Samaganova, Aleksandra"]
[Black "Chen, Jocelyn"]
[Result "1-0"]
[WhiteTitle "WFM"]
[BlackTitle "WCM"]
[WhiteElo "1884"]
[BlackElo "1854"]
[WhiteFideId "13800221"]
[BlackFideId "30947154"]
[EventDate "2022.12.29"]

1. c4 e6 2. Nc3 d5 3. e3 Nf6 4. Nf3 c5 5. d4 Nc6 6. cxd5 Nxd5 7. Bd3 cxd4 8.
exd4 Be7 9. O-O O-O 10. a3 Bf6 11. Bc2 a5 12. Re1 Qb6 13. Na4 Qc7 14. Be3 Rd8
15. Rc1 Qd6 16. Qd3 g6 17. Red1 e5 18. dxe5 Nxe5 19. Nxe5 Bxe5 20. h3 Bf5 21.
Qe2 Bxc2 22. Qxc2 Nxe3 23. fxe3 Qf6 24. Rf1 Qg5 25. Qf2 f5 26. Nb6 Ra6 27. Nc4
Bg3 28. Qf3 b5 29. Qb7 Re6 30. Nxa5 Qxe3+ 31. Kh1 Rb6 32. Qa7 Re8 33. Qd7 Rd6
34. Qxb5 Rd2 35. Nc4 Qe2 36. Qc6 1-0

[Event "World Blitz Women 2022"]
[Site "Almaty KAZ"]
[Date "2022.12.30"]
[Round "10.46"]
[White "Bauyrzhan, Arnash"]
[Black "Schulze, Lara"]
[Result "0-1"]
[BlackTitle "FM"]
[WhiteElo "2041"]
[BlackElo "2284"]
[WhiteFideId "13706322"]
[BlackFideId "12956830"]
[EventDate "2022.12.29"]

1. e4 c5 2. Nf3 Nc6 3. Bb5 g6 4. O-O Bg7 5. Re1 e5 6. Bxc6 dxc6 7. d3 Qe7 8. h3
Nf6 9. b3 Nd7 10. Bb2 f6 11. a4 a5 12. Nbd2 Nf8 13. Nc4 Qc7 14. c3 Ne6 15. d4
cxd4 16. cxd4 exd4 17. Nxd4 O-O 18. Qf3 f5 19. Nxe6 Bxe6 20. Bxg7 Qxg7 21. e5 f4
22. Rad1 Bd5 23. Qc3 f3 24. Nb6 Rae8 25. Nxd5 cxd5 26. gxf3 Qh6 27. Qd4 Qxh3 28.
Qxd5+ Kg7 29. e6 Rf5 30. Qd4+ Kh6 31. Qg4 Rg5 0-1

[Event "World Blitz Women 2022"]
[Site "Almaty KAZ"]
[Date "2022.12.30"]
[Round "10.47"]
[White "Martins de Aguiar, Marina"]
[Black "Assylkhan, Asiya"]
[Result "0-1"]
[WhiteElo "1877"]
[BlackElo "1430"]
[WhiteFideId "2143321"]
[BlackFideId "13752707"]
[EventDate "2022.12.29"]

1. e4 c6 2. d3 d5 3. Nd2 Nf6 4. Ngf3 Bg4 5. g3 e6 6. Bg2 Nbd7 7. O-O h6 8. Qe2
Be7 9. e5 Nh7 10. d4 O-O 11. Re1 c5 12. c3 Rc8 13. Qb5 Qc7 14. Nf1 c4 15. Qa4 a6
16. Qc2 Bf5 17. Qd1 b5 18. Ne3 Bg6 19. h4 Rfe8 20. Ng4 Bh5 21. Ne3 b4 22. Qc2
Bg6 23. Qd1 Qa5 24. Bd2 Rb8 25. cxb4 Bxb4 26. Bxb4 Qxb4 27. Re2 Bd3 28. Rd2 Nb6
29. Ne1 Bg6 30. Bf3 Nf8 31. a3 Qe7 32. N3c2 Na4 33. Nb4 Qd7 34. b3 cxb3 35. Rc1
a5 36. Nbd3 b2 37. Nxb2 Nxb2 38. Qe2 Nc4 39. Rdd1 Rb2 40. Qf1 Qe7 41. Nd3 Bxd3
42. Qxd3 Qxa3 43. Qf1 Qxf3 44. Rd3 Qf5 45. Rcd1 a4 46. Qg2 a3 47. Rf3 Qc2 48.
Rf1 a2 49. Qh3 Rb1 50. Qg4 a1=Q 0-1

[Event "World Blitz Women 2022"]
[Site "Almaty KAZ"]
[Date "2022.12.30"]
[Round "10.48"]
[White "Balakanova, Gulnar"]
[Black "Kim, Kristina"]
[Result "0-1"]
[WhiteTitle "WFM"]
[BlackTitle "WCM"]
[WhiteElo "1743"]
[BlackElo "1930"]
[WhiteFideId "13705890"]
[BlackFideId "13712438"]
[EventDate "2022.12.29"]

1. e4 Nf6 2. Nc3 d5 3. exd5 Nxd5 4. Nge2 c6 5. g3 Bg4 6. Bg2 e6 7. O-O Be7 8. h3
Bh5 9. d3 O-O 10. Nxd5 cxd5 11. Bf4 Nc6 12. d4 Bxe2 13. Qxe2 Nxd4 14. Qd3 Bf6
15. c3 Nc6 16. Rad1 Rc8 17. Be3 Qa5 18. Qb1 b5 19. a3 Qa4 20. f4 Rfe8 21. g4 a5
22. Bd2 b4 23. axb4 axb4 24. Rf3 bxc3 25. bxc3 Na5 26. Rc1 Nc4 27. Be1 Rb8 28.
Qd3 Rb2 29. g5 Be7 30. f5 Bxg5 31. fxe6 fxe6 32. Rd1 Ne5 33. Qd4 Nxf3+ 0-1

[Event "World Blitz Women 2022"]
[Site "Almaty KAZ"]
[Date "2022.12.30"]
[Round "10.49"]
[White "Foudzi, Siti Zulaikha"]
[Black "Madi, Aidana"]
[Result "1-0"]
[WhiteTitle "WIM"]
[WhiteElo "2136"]
[BlackElo "1583"]
[WhiteFideId "5700965"]
[BlackFideId "13722689"]
[EventDate "2022.12.29"]

1. e4 c5 2. Nf3 d6 3. d4 cxd4 4. Nxd4 Nf6 5. Nc3 a6 6. a4 e6 7. Be3 Be7 8. Be2
Nbd7 9. g4 Nc5 10. Bf3 Qa5 11. Qd2 Nfd7 12. Nce2 Qxd2+ 13. Kxd2 Ne5 14. Ng3 Nc4+
15. Ke2 Nxb2 16. Nb3 Nbxa4 17. e5 Nc3+ 18. Kd2 Nxb3+ 19. cxb3 Nb5 20. exd6 Bxd6
21. Ne4 Be5 22. Rac1 O-O 23. Be2 Bd7 24. f4 Bb2 25. Rc2 Ba3 26. Nc5 Bc6 27. Ra1
Bb4+ 28. Kd1 Nc3+ 29. Kc1 Nd5 30. Bd2 Bxd2+ 31. Kxd2 Nxf4 32. Ke3 Nd5+ 33. Kf2
Rfd8 34. Bf3 Nb4 35. Re2 Bxf3 36. Kxf3 b6 37. Ne4 Rd3+ 38. Kg2 Rxb3 39. Rc1 Nd5
40. Rf2 a5 41. Nd6 Rf8 42. Nxf7 Ne3+ 43. Kh1 Nxg4 44. Rf4 Nf6 45. Ne5 a4 46. Rc7
a3 47. Ra4 Nd5 48. Rd7 Rb2 49. Nf3 a2 50. Raa7 Rb1+ 51. Kg2 a1=Q 52. Rxg7+ 1-0

[Event "World Blitz Women 2022"]
[Site "Almaty KAZ"]
[Date "2022.12.30"]
[Round "11.1"]
[White "Assaubayeva, Bibisara"]
[Black "Gunina, Valentina"]
[Result "1-0"]
[WhiteTitle "IM"]
[BlackTitle "GM"]
[WhiteElo "2440"]
[BlackElo "2476"]
[WhiteFideId "13708694"]
[BlackFideId "4167570"]
[EventDate "2022.12.29"]

1. d4 d5 2. c4 c6 3. Nf3 Nf6 4. e3 Bg4 5. h3 Bxf3 6. Qxf3 e6 7. Nc3 Bb4 8. Bd2
Nbd7 9. Bd3 O-O 10. a3 Bd6 11. O-O h6 12. Rfd1 Qe7 13. cxd5 exd5 14. b4 a6 15.
Rab1 Rfe8 16. Qe2 Nf8 17. Na4 Rad8 18. Nc5 N8h7 19. a4 Ng5 20. b5 axb5 21. axb5
Bxc5 22. dxc5 Nge4 23. bxc6 bxc6 24. Bb4 Rb8 25. Qc2 Nd7 26. Rdc1 Qh4 27. Bxe4
Rxe4 28. Bc3 Rbe8 29. Bd4 R4e6 30. Qf5 Ne5 31. Bxe5 Rxe5 32. Qf3 Qe7 33. Rb6 Re6
34. Qf4 Rf6 35. Qg4 Qe5 36. Rd1 Qc3 37. Qd4 Qc2 38. Rd2 Qf5 39. Rb7 Re4 40. Qb2
Kh7 41. Qb1 Rg6 42. Kh2 Qe5+ 43. g3 h5 44. Rd3 h4 45. f4 hxg3+ 46. Kg2 Rxe3 47.
fxe5 Re2+ 48. Kg1 Rxe5 49. Rxg3 1-0

[Event "World Blitz Women 2022"]
[Site "Almaty KAZ"]
[Date "2022.12.30"]
[Round "11.2"]
[White "Shuvalova, Polina"]
[Black "Javakhishvili, Lela"]
[Result "1/2-1/2"]
[WhiteTitle "IM"]
[BlackTitle "IM"]
[WhiteElo "2502"]
[BlackElo "2440"]
[WhiteFideId "24171760"]
[BlackFideId "13601458"]
[EventDate "2022.12.29"]

1. d4 Nf6 2. Nf3 b6 3. Bg5 e6 4. e4 h6 5. Bxf6 Qxf6 6. Nbd2 Bb7 7. Bd3 d6 8. c3
Nd7 9. Qe2 g5 10. Nc4 Qe7 11. Ne3 Bg7 12. h4 O-O-O 13. a4 a5 14. Nd2 gxh4 15.
Ba6 Nb8 16. Bxb7+ Kxb7 17. Qh5 Bf6 18. Nf3 Bg5 19. Nxh4 Bxe3 20. fxe3 Qg5 21.
Qe2 d5 22. e5 f5 23. exf6 Qxf6 24. O-O-O Nc6 25. Rdf1 Qg5 26. Nf3 Qg7 27. Rh5
Rhg8 28. Rf2 Rdf8 29. Rh1 e5 30. Rhf1 exd4 31. exd4 Re8 32. Qd3 Qg3 33. Kb1 Re4
34. Ka2 Rge8 35. Qb5 Qg7 36. Ne5 Nxe5 37. Qxe8 Nd3 38. Qd8 Nxf2 39. Qxd5+ c6 40.
Qf5 Qg5 41. Rxf2 Qxf5 42. Rxf5 Re2 43. Rf7+ Kc8 44. Rf6 Kd7 45. Rg6 h5 46. Kb3
h4 47. Rg7+ Kd6 48. Rg6+ Kc7 49. Rh6 Rxg2 50. Rxh4 Kd6 51. Rh6+ Kc7 52. Rh7+ Kc8
53. Ka3 Rg1 54. Ka2 Kb8 55. Rh6 Kc7 56. Rh7+ Kb8 57. Rh2 Kc7 58. Kb3 Ra1 59. Rg2
Kc8 60. Rg7 Kb8 61. Rg6 Kc7 62. Rg5 Rb1 63. Kc2 Ra1 64. Rg7+ Kc8 65. b3 Ra2+ 66.
Kd3 Ra1 67. Rh7 Kb8 68. Kc4 Rb1 69. Rh6 Kc7 70. Rg6 Rb2 71. Rg7+ Kb8 72. Rg1 Kc7
73. Rg7+ Kb8 74. Rf7 Kc8 75. b4 axb4 76. cxb4 Rb1 77. Rf3 Ra1 78. Kb3 Rd1 79.
Kc3 Ra1 80. Kb3 Rd1 81. Rf4 Rb1+ 82. Kc3 Ra1 83. Kb3 Rb1+ 84. Ka3 Ra1+ 85. Kb3
Rb1+ 86. Kc3 Ra1 87. Rf6 Kc7 88. Rf7+ Kb8 89. Kb3 Rb1+ 90. Kc4 Rc1+ 91. Kb3 Rb1+
92. Kc3 Ra1 93. Rf6 Kc7 94. Kb3 Rb1+ 95. Kc3 Ra1 1/2-1/2

[Event "World Blitz Women 2022"]
[Site "Almaty KAZ"]
[Date "2022.12.30"]
[Round "11.3"]
[White "Harika, Dronavalli"]
[Black "Tan, Zhongyi"]
[Result "1-0"]
[WhiteTitle "GM"]
[BlackTitle "GM"]
[WhiteElo "2507"]
[BlackElo "2518"]
[WhiteFideId "5015197"]
[BlackFideId "8603642"]
[EventDate "2022.12.29"]

1. b3 Nf6 2. Bb2 g6 3. Nf3 Bg7 4. g3 O-O 5. Bg2 d6 6. d4 Nc6 7. O-O e5 8. dxe5
Nd7 9. c4 Ndxe5 10. Nxe5 Nxe5 11. Nc3 Re8 12. Qd2 Rb8 13. Rad1 Bd7 14. h4 a6 15.
c5 Bc6 16. cxd6 Bxg2 17. Kxg2 cxd6 1-0

[Event "World Blitz Women 2022"]
[Site "Almaty KAZ"]
[Date "2022.12.30"]
[Round "11.4"]
[White "Mammadzada, Gunay"]
[Black "Goryachkina, Aleksandra"]
[Result "0-1"]
[WhiteTitle "IM"]
[BlackTitle "GM"]
[WhiteElo "2472"]
[BlackElo "2584"]
[WhiteFideId "13403729"]
[BlackFideId "4147103"]
[EventDate "2022.12.29"]

1. e4 c5 2. Nf3 e6 3. d4 cxd4 4. Nxd4 Nf6 5. Nc3 Nc6 6. Ndb5 Bc5 7. Bf4 O-O 8.
Bc7 Qe7 9. Bd6 Bxd6 10. Qxd6 Qd8 11. Nc7 Rb8 12. Be2 b5 13. e5 Ne8 14. Nxe8 Rxe8
15. O-O b4 16. Ne4 Bb7 17. Nc5 Qe7 18. Nxd7 Rbd8 19. Qxe7 Rxe7 20. Nc5 Nxe5 21.
a3 bxa3 22. Rxa3 Bd5 23. f4 Nc6 24. c4 Nd4 25. Bd3 Bc6 26. Rfa1 Rb8 27. Rxa7
Rxa7 28. Rxa7 Rxb2 29. Rc7 g6 30. Be4 Bxe4 31. Nxe4 Ne2+ 32. Kf1 Nxf4 33. Nf6+
Kg7 34. Ne8+ Kf8 35. Nd6 Nxg2 36. Rxf7+ Kg8 37. Re7 Ne3+ 38. Kg1 Rg2+ 39. Kh1
Rc2 40. h3 Nxc4 41. Nxc4 Rxc4 42. Rxe6 Kg7 43. Kg2 Kh6 44. Re3 Kg5 45. Re7 h5
46. Re6 Rc2+ 47. Kg3 Rc3+ 48. Kg2 Kf5 49. Rb6 Rc2+ 50. Kg3 Rc3+ 51. Kg2 Rd3 52.
Rb5+ Ke4 53. Rg5 Rd6 54. Rb5 Kf4 55. Rb4+ Ke5 56. Rb5+ Rd5 57. Rb6 Kf5 58. Rb8
g5 59. Rf8+ Ke4 60. Re8+ Kf4 61. Rf8+ Rf5 62. Ra8 Re5 63. Rf8+ Ke3 64. Rf3+ Ke4
65. Ra3 Rd5 66. Ra4+ Rd4 67. Ra5 Rd2+ 68. Kg3 h4+ 69. Kg4 Rg2+ 70. Kh5 Kf4 71.
Ra3 Rg3 72. Ra4+ Kf3 73. Ra2 Rg1 74. Rb2 Kf4 75. Rc2 Kg3 76. Rc3+ Kh2 77. Rb3
Rg3 78. Rb2+ 0-1

[Event "World Blitz Women 2022"]
[Site "Almaty KAZ"]
[Date "2022.12.30"]
[Round "11.5"]
[White "Kosteniuk, Alexandra"]
[Black "Khademalsharieh, Sarasadat"]
[Result "0-1"]
[WhiteTitle "GM"]
[BlackTitle "IM"]
[WhiteElo "2520"]
[BlackElo "2490"]
[WhiteFideId "4128125"]
[BlackFideId "12512214"]
[EventDate "2022.12.29"]

1. e4 e5 2. Nf3 Nc6 3. Bc4 Bc5 4. d3 Nf6 5. Nc3 d6 6. Na4 a6 7. Nxc5 dxc5 8. a4
Qd6 9. Be3 b6 10. h3 h6 11. Nd2 Be6 12. O-O O-O 13. f4 exf4 14. Rxf4 Nd7 15.
Bxe6 Qxe6 16. Qh5 Nce5 17. b3 Qg6 18. Qe2 a5 19. Raf1 Rae8 20. Qf2 Qe6 21. Kh1
Ng6 22. Rf5 Nde5 23. Nf3 Nc6 24. Qg3 Nce7 25. Rh5 f5 26. Bxh6 fxe4 27. dxe4 gxh6
28. Rxh6 Qxe4 29. Re1 Qf5 30. Re5 Qxc2 31. Rxe7 Qc1+ 32. Kh2 Qxh6 33. Rxc7 Qf4
34. Rc6 Qxg3+ 35. Kxg3 Ne5 36. Rxb6 Nxf3 0-1

[Event "World Blitz Women 2022"]
[Site "Almaty KAZ"]
[Date "2022.12.30"]
[Round "11.6"]
[White "Badelka, Olga"]
[Black "Paehtz, Elisabeth"]
[Result "1-0"]
[WhiteTitle "IM"]
[BlackTitle "GM"]
[WhiteElo "2416"]
[BlackElo "2464"]
[WhiteFideId "13509926"]
[BlackFideId "4641833"]
[EventDate "2022.12.29"]

1. e4 c5 2. Nc3 d6 3. f4 Nc6 4. Nf3 g6 5. g3 Bg7 6. Bg2 e6 7. d3 Nge7 8. O-O O-O
9. Be3 b6 10. g4 d5 11. Bf2 dxe4 12. dxe4 Ba6 13. Re1 Qxd1 14. Raxd1 Rad8 15. e5
Nb4 16. Rc1 Ned5 17. Nxd5 Nxd5 18. Bg3 Rd7 19. Ng5 Rfd8 20. Ne4 Ne7 21. Bf1 Bb7
22. Nd6 Bc6 23. Bg2 Bd5 24. Bxd5 Nxd5 25. Rcd1 Bf8 26. f5 Nb4 27. c3 Nc6 28. Rd2
Bg7 29. f6 Bf8 30. Red1 Bxd6 31. exd6 Na5 32. b3 Nc6 33. g5 Nb8 34. h4 Rb7 35.
h5 h6 36. hxg6 fxg6 37. gxh6 Rf7 38. d7 Rfxd7 39. Rxd7 Rxd7 40. Re1 Nc6 41. Rxe6
Nd8 42. Re8+ Kh7 43. Re7+ 1-0

[Event "World Blitz Women 2022"]
[Site "Almaty KAZ"]
[Date "2022.12.30"]
[Round "11.7"]
[White "Frayna, Janelle Mae"]
[Black "Lagno, Kateryna"]
[Result "0-1"]
[WhiteTitle "WGM"]
[BlackTitle "GM"]
[WhiteElo "2265"]
[BlackElo "2563"]
[WhiteFideId "5212499"]
[BlackFideId "14109336"]
[EventDate "2022.12.29"]

1. e4 e5 2. Nf3 Nc6 3. Nc3 Nf6 4. d4 exd4 5. Nxd4 Bb4 6. Nxc6 bxc6 7. Bd3 d5 8.
exd5 cxd5 9. O-O O-O 10. h3 Rb8 11. Qf3 Rb6 12. Na4 Re6 13. a3 Be7 14. b4 Ne4
15. Be3 Rf6 16. Qd1 Rg6 17. Bxe4 dxe4 18. Qxd8 Rxd8 19. Kh2 a5 20. Rad1 Rgd6 21.
Rb1 axb4 22. axb4 Bf6 23. Nc5 Be5+ 24. Kg1 f5 25. Bg5 Re8 26. Rfd1 h6 27. Bh4 f4
28. f3 e3 29. Be1 Bf5 30. Rxd6 Bxd6 31. Nd3 Ra8 32. b5 Ra2 33. Bb4 Rxc2 34. Bxd6
cxd6 35. Nxf4 g5 36. b6 Rc8 37. b7 Rb8 38. Rb3 gxf4 39. Rb5 Bd7 40. Rb4 Bc6 41.
Rxf4 Rxb7 42. Rd4 Rb1+ 43. Kh2 e2 0-1

[Event "World Blitz Women 2022"]
[Site "Almaty KAZ"]
[Date "2022.12.30"]
[Round "11.8"]
[White "Dzagnidze, Nana"]
[Black "Buksa, Nataliya"]
[Result "1-0"]
[WhiteTitle "GM"]
[BlackTitle "IM"]
[WhiteElo "2517"]
[BlackElo "2405"]
[WhiteFideId "13601903"]
[BlackFideId "14123622"]
[EventDate "2022.12.29"]

1. c4 e6 2. Nf3 d5 3. b3 Nf6 4. Bb2 c5 5. cxd5 exd5 6. g3 Be7 7. Bg2 O-O 8. d4
b6 9. O-O Bb7 10. Nc3 Nbd7 11. Rc1 Re8 12. Qc2 Rc8 13. dxc5 bxc5 14. e3 d4 15.
Nb1 dxe3 16. fxe3 Ba6 17. Rfe1 c4 18. Nbd2 c3 19. Bxc3 Bb4 20. Qb2 Qa5 21. Bxb4
Qxb4 22. Qd4 Qa3 23. Rxc8 Rxc8 24. Qxa7 Qd6 25. Qd4 Qe6 26. e4 h6 27. e5 Nd5 28.
Nc4 Bxc4 29. bxc4 N5b6 30. Nd2 Nxc4 31. Rc1 Qb6 32. Qxb6 Ndxb6 33. Nxc4 Rxc4 34.
Rxc4 Nxc4 35. a4 Kf8 36. Bd5 Na5 37. Kf2 Ke7 38. Ke3 f6 39. Kd4 Kd7 40. g4 Ke7
41. h4 Kd7 42. exf6 gxf6 43. Kc5 Kc7 44. Kb5 Nb7 45. Bxb7 Kxb7 46. Kc5 Ka6 47.
Kd5 Ka5 48. Ke6 Kxa4 1-0

[Event "World Blitz Women 2022"]
[Site "Almaty KAZ"]
[Date "2022.12.30"]
[Round "11.9"]
[White "Danielian, Elina"]
[Black "Arabidze, Meri"]
[Result "1-0"]
[WhiteTitle "GM"]
[BlackTitle "IM"]
[WhiteElo "2431"]
[BlackElo "2427"]
[WhiteFideId "13300210"]
[BlackFideId "13604040"]
[EventDate "2022.12.29"]

1. d4 Nf6 2. Bg5 d5 3. Bxf6 exf6 4. e3 c6 5. c4 dxc4 6. Bxc4 Bd6 7. Nc3 O-O 8.
Nf3 Nd7 9. O-O f5 10. Qc2 Nf6 11. a3 g6 12. Rad1 Qe7 13. Rfe1 Ne4 14. g3 Re8 15.
d5 Bd7 16. dxc6 Bxc6 17. Nd4 Bd7 18. Nd5 Qg5 19. Nf3 Qd8 20. Qb3 Bc6 21. Nd4 Ng5
22. Nxc6 bxc6 23. Nf4 Nf3+ 24. Kh1 Qe7 25. Re2 Bxf4 26. exf4 Qxe2 27. Bxe2 Rxe2
28. Qxf3 Rxb2 29. Qxc6 Rab8 30. Kg2 h5 31. Rd7 R8b6 32. Qd5 Re6 33. Rd8+ Kh7 34.
Qd4 1-0

[Event "World Blitz Women 2022"]
[Site "Almaty KAZ"]
[Date "2022.12.30"]
[Round "11.10"]
[White "Batsiashvili, Nino"]
[Black "Omonova, Umida"]
[Result "0-1"]
[WhiteTitle "GM"]
[BlackTitle "WFM"]
[WhiteElo "2493"]
[BlackElo "2052"]
[WhiteFideId "13602993"]
[BlackFideId "14210363"]
[EventDate "2022.12.29"]

1. d4 Nf6 2. Nf3 d5 3. Bf4 c5 4. e3 Nc6 5. Nbd2 cxd4 6. exd4 h6 7. c3 Bf5 8. Qb3
Qb6 9. Qxb6 axb6 10. a3 e6 11. Be2 Be7 12. O-O O-O 13. h3 Rfe8 14. Rfe1 Ne4 15.
Nxe4 Bxe4 16. Ne5 Na5 17. f3 Bh7 18. Bb5 Rec8 19. Rad1 Nb3 20. Bd3 Bxd3 21. Rxd3
Bd6 22. Rdd1 Bxe5 23. Bxe5 Na5 24. Re2 f6 25. Bf4 Kf7 26. h4 g5 27. Bg3 Nc4 28.
Rde1 Rc6 29. h5 Re8 30. f4 f5 31. fxg5 hxg5 32. Be5 Nxe5 33. Rxe5 Rh8 34. g4 Kf6
35. Kg2 b5 36. Kg3 f4+ 37. Kf3 Ra8 38. Rh1 b4 39. axb4 Rca6 40. h6 Rh8 41. Rh5
Ra2 42. Rexg5 Rxb2 43. Re5 Rc2 44. g5+ Kg6 45. Rh1 Rxc3+ 46. Kxf4 Rf8+ 47. Kg4
Rd3 48. Rxe6+ Kh7 49. g6+ Kg8 50. g7 Rxd4+ 51. Kg5 Rc8 52. h7+ Kxg7 53. Re7+ Kh8
54. Rxb7 Re4 55. Rd1 d4 56. Kf5 Rce8 57. Rd7 R4e5+ 58. Kf4 Re4+ 59. Kf3 Re3+ 60.
Kf2 Re2+ 61. Kf1 R2e4 62. R1xd4 Re1+ 63. Kf2 R1e2+ 64. Kf3 R2e3+ 65. Kf4 Re1 66.
b5 Rf8+ 67. Kg5 Rg1+ 68. Rg4 Rb1 69. Rb7 Rc1 70. Kg6 Rcf1 71. Rg5 R8f6+ 72. Kh5
Rh1+ 73. Kg4 Rg1+ 74. Kh5 Rh1+ 75. Kg4 Rg1+ 76. Kh4 Rh1+ 77. Kg4 Rg1+ 78. Kh4
Rh6+ 79. Rh5 Rh1+ 80. Kg5 R1xh5+ 81. Kf4 Rxh7 82. Rb8+ Kg7 83. Ke4 Kf6 84. Kd4
Ke6 85. Kc4 Kd6 86. Kb4 Ra7 87. b6 Rah7 88. Rc8 0-1